|
|
|
|
| LEADER |
00000nab a2200000 ar4500 |
| 001 |
vtls008837372 |
| 003 |
SK-MaSNL |
| 005 |
20260305005325.0 |
| 008 |
060809c2006 xo wr|p|||||||000 b|slo |
| 038 |
|
|
|a PPPK
|
| 040 |
|
|
|a PPPKCL
|b slo
|c PPPKCL
|e AACR2
|
| 041 |
0 |
|
|a slo
|
| 044 |
|
|
|a xo
|c SK
|
| 080 |
|
|
|a 179.2:343.62
|2 1997
|
| 080 |
|
|
|a 343.62
|2 1997
|
| 080 |
|
|
|a 316.6/.7
|2 1997
|
| 080 |
|
|
|a 177.72
|2 1997
|
| 245 |
0 |
0 |
|a Ocenenie OSN pre študentku z Popradu
|c [autor] (lej)
|
| 300 |
|
|
|b Fotogr.
|
| 600 |
1 |
7 |
|a Póczosová, Katarína
|2 pppkcl
|9 1584039
|
| 648 |
|
7 |
|a 2005/2006
|2 pppkcl
|9 320096
|
| 650 |
0 |
7 |
|a deti
|2 pppkcl
|9 773
|
| 650 |
0 |
7 |
|a násilie na deťoch
|2 pppkcl
|9 19710
|
| 650 |
0 |
7 |
|a boj proti násiliu
|2 pppkcl
|9 1018787
|
| 650 |
0 |
7 |
|a medzinárodné ocenenia
|2 pppkcl
|9 1266609
|
| 651 |
|
7 |
|a Poprad (Slovensko)
|2 pppkcl
|9 20155
|
| 651 |
|
7 |
|a Srí Lanka
|2 pppkcl
|9 111030
|
| 773 |
0 |
|
|t Poprad : noviny občanov mesta
|g Roč. XVII, č. 15 (2006), s. 1
|
| 852 |
|
|
|a PPPK
|b KIS3GCP
|
| 958 |
|
|
|a SK
|
| 958 |
|
|
|a LK
|
| 999 |
|
|
|c 3239822
|d 3241752
|